01799 a2200265 45000010006000000050017000060080041000230030015000640400040000790800033001192450045001520200018001972500012002152640036002273000025002635051008002880410008012961000027013047000019013317000021013507000017013717000028013887000018014168560099014344989120260407155759.0260407a1996 arg spa dAR-UNSa-BCEJYS aAR-UNSa-BCEJYSbspacAR-UNSa-BCEJYS a330.101.542xMicroeconomía10aEjercicios de microeconomía intermedia a84-85855-85-X a4a. ed. 1aBarcelona :bAntoni Boschc1996 aviii, 433 p.c27 cm. a1. El mercado – 2. La restricción presupuestaria – 3. Las preferencias – 4. La utilidad – 5. La elección – 6. La demanda – 7. La preferencia revelada – 8. La ecuación de Slutsky – 9. La compra y la venta – 10. La elección intertemporal – 11. Los mercados de activo – 12. La incertidumbre – 13. Los activos inciertos – 14. El excedente del consumidor – 15. La demanda del mercado – 16. El equilibrio – 17. La tecnología – 18. La maximización del beneficio – 19. La minimización de los costes – 20. Las curvas de costes – 21. La oferta de la empresa – 22. La oferta de la industria – 23. El monopolio – 24. La conducta del monopolio – 25. Los mercados de factores – 26. El oligopolio – 27. La teoría de los juegos – 28. El intercambio – 29. La producción – 30. El bienestar – 31. Las externalidades – 32. Derecho y economía – 33. La tecnología de la información – 34. Los bienes públicos – 35. La información. aspa1 aBergstrom, Theodore C.1 aVarian, Hal R.1 aFominaya, Marina1 aLey, Eduardo1 aRabasco, María Esther1 aToharia, Luis41uhttps://www.biblioeco.unsa.edu.ar/pmb/images/libros/L128215.jpgyImagen de portadaqimage/jpeg